Statistics for Animals that Start with A

Click here to take the quiz!

General Stats

  • This quiz has been taken 70,090 times
    (51,119 since last reset)
  • The average score is 10 of 16

Answer Stats

Clue Animal % Correct
Crocodile relativeAlligator
99%
Enemy of picnicsAnt
96%
Heaviest type of snakeAnaconda
85%
American mammal that eats the aboveAnteater
84%
Large primate such
as an orangutan or chimpanzee
Ape
82%
Llama lookalikeAlpaca
81%
Armored American mammalArmadillo
78%
Impala, gazelle, dik-dik, etc...Antelope
70%
African animal that is alphabetically firstAardvark
67%
It is bad luck for a sailor to kill this birdAlbatross
60%
Type of small, oily fishAnchovy
59%
Venomous snake said to have bitten CleopatraAsp
56%
Clownfish live inside themAnemone
51%
Variety of "white" tunaAlbacore
35%
Tasty sea snail with an iridescent shellAbalone
23%
Black and white seabird, of which
puffins are a variety
Auk
16%

Score Distribution

Percentile by Number Answered

Percent of People with Each Score

Your Score History

You have not taken this quiz since the last reset